[Event "Rottach Egern Seniors Cup 9th"]
[Site "Rottach Egern"]
[Date "2021.10.25"]
[Round "4"]
[White "Roth, Heinz Georg"]
[Black "Redeker, Frank"]
[Result "0-1"]
[WhiteElo "1798"]
[BlackElo "1618"]
[PlyCount "52"]
[EventDate "2021.10.22"]
[EventType "swiss"]
[EventRounds "7"]
[EventCountry "GER"]
[SourceTitle "CBM 204 Extra"]
[Source "ChessBase"]
[SourceDate "2021.11.30"]
[SourceVersion "1"]
[SourceVersionDate "2021.11.30"]
[SourceQuality "1"]

1. e4 d6 2. d4 Nf6 3. Nd2 g6 4. c3 Bg7 5. Be2 Nbd7 6. Ngf3 0-0 7. 0-0 c5 8. Qc2 cxd4 9. Nxd4 a6 10. Re1 e5 11. N4f3 b5 12. b4 Qb6 13. Nf1 Bb7 14. Bd3 Rac8 15. Be3 Qd8 16. Rac1 Nb6 17. N1d2 Ng4 18. h3 Nxe3 19. Rxe3 d5 20. Ree1 Bh6 21. Rcd1 Bxd2 22. Rxd2 dxe4 23. Red1 exd3 24. Rxd3 Qg5 25. g3 Rcd8 26. h4 Qe7 0-1

[Event "Rottach Egern Seniors Cup 9th"]
[Site "Rottach Egern"]
[Date "2021.10.22"]
[Round "1"]
[White "Biro, Sandor"]
[Black "Roth, Heinz Georg"]
[Result "1-0"]
[WhiteElo "2131"]
[BlackElo "1798"]
[PlyCount "53"]
[EventDate "2021.10.22"]
[EventType "swiss"]
[EventRounds "7"]
[EventCountry "GER"]
[SourceTitle "CBM 204 Extra"]
[Source "ChessBase"]
[SourceDate "2021.11.30"]
[SourceVersion "1"]
[SourceVersionDate "2021.11.30"]
[SourceQuality "1"]

1. e4 e5 2. Nf3 Nf6 3. Nc3 d6 4. d4 Nbd7 5. g4 exd4 6. Nxd4 Nc5 7. g5 Nfxe4 8. Qe2 Qe7 9. Nd5 Qe5 10. Nxc7+ Kd8 11. Nf3 Nc3 12. Qxe5 dxe5 13. Nxa8 Nd5 14. Nxe5 Be6 15. Bd2 Na4 16. 0-0-0 Kc8 17. Bb5 Nc5 18. c4 Ne7 19. Be3 Nf5 20. Nc6 Bd6 21. Rxd6 Nxd6 22. Bxc5 Nxb5 23. Ne7+ Kb8 24. cxb5 Rd8 25. b6 Kxa8 26. bxa7 Bg4 27. Re1 1-0

[Event "Bodensee Seniors op"]
[Site "Bregenz"]
[Date "2019.05.30"]
[Round "5"]
[White "Roth, Heinz Georg"]
[Black "Choong, Liong On Mark"]
[Result "0-1"]
[WhiteElo "1822"]
[BlackElo "1923"]
[PlyCount "70"]
[EventDate "2019.05.26"]
[EventType "swiss"]
[EventRounds "7"]
[EventCountry "AUT"]
[SourceTitle "CBM 190 Extra"]
[Source "ChessBase"]
[SourceDate "2019.07.15"]
[SourceVersion "1"]
[SourceVersionDate "2019.07.15"]
[SourceQuality "1"]

1. e4 c5 2. d3 g6 3. Be2 Bg7 4. c3 Nc6 5. f4 e6 6. Nf3 Nge7 7. 0-0 0-0 8. Nbd2 b5 9. Qc2 d6 10. Re1 a5 11. Nf1 a4 12. Bd2 Qb6 13. a3 Bd7 14. Rad1 Rfc8 15. Be3 Qb7 16. Qd2 Na5 17. Bf2 Nb3 18. Qe3 b4 19. d4 cxd4 20. Nxd4 bxc3 21. bxc3 Rab8 22. f5 exf5 23. Qg3 fxe4 24. Qxd6 Nxd4 25. Ba6 Qc6 26. Qxe7 Re8 27. Qg5 Nc2 28. Re2 Be6 29. Rxc2 Bb3 30. Be2 Bxc2 31. Rd2 Qxc3 32. Qg3 Rb3 33. Qd6 Rb1 34. Bc5 Be5 35. Qd7 Qxc5+ 0-1

[Event "Bad Wiessee Senioren Cup 8th"]
[Site "Bad Wiessee"]
[Date "2019.05.16"]
[Round "6"]
[White "Wraga, Teresa"]
[Black "Roth, Heinz Georg"]
[Result "0-1"]
[WhiteElo "1644"]
[BlackElo "1822"]
[PlyCount "126"]
[EventDate "2019.05.11"]
[EventType "swiss"]
[EventRounds "9"]
[EventCountry "GER"]
[SourceTitle "EXT 2020"]
[Source "ChessBase"]
[SourceDate "2019.10.17"]
[SourceVersion "1"]
[SourceVersionDate "2019.10.17"]
[SourceQuality "1"]

1. e4 e5 2. Nc3 d6 3. g3 Nf6 4. h3 c6 5. Bg2 Be7 6. Nge2 0-0 7. 0-0 Nbd7 8. d3 Qc7 9. Be3 Re8 10. Kh2 h6 11. f4 Nh7 12. f5 Bg5 13. Bxg5 Nxg5 14. Ng1 Nf6 15. Nf3 b5 16. Nxg5 hxg5 17. Qd2 Nh7 18. Ne2 Bb7 19. g4 Rad8 20. Ng3 d5 21. Qf2 c5 22. Rad1 Qe7 23. exd5 Bxd5 24. Bxd5 Rxd5 25. Ne4 f6 26. Nc3 Rd7 27. Ne4 Rc8 28. c3 Nf8 29. Qe2 a6 30. Rd2 Rdc7 31. Rfd1 Nd7 32. c4 Nb6 33. b3 Qd7 34. Qe3 Qd4 35. Qxd4 exd4 36. cxb5 axb5 37. Re2 Nd5 38. Rdd2 Ne3 39. Ng3 Kf8 40. Kg1 Re7 41. Nf1 Rce8 42. Nxe3 Rxe3 43. Rxe3 Rxe3 44. Kg2 Ke7 45. a4 bxa4 46. bxa4 Kd6 47. a5 Kc6 48. a6 Re7 49. Ra2 Ra7 50. Kf2 Kb6 51. Ke2 Rxa6 52. Rxa6+ Kxa6 53. Kd2 Kb5 54. Kc2 c4 55. dxc4+ Kxc4 56. Kd2 Kd5 57. Kd3 Ke5 58. Kd2 Kf4 59. Kd3 Kg3 60. Kxd4 Kxh3 61. Ke3 Kxg4 62. Ke4 Kg3 63. Ke3 g4 0-1

[Event "Bad Wiessee Senioren Cup 8th"]
[Site "Bad Wiessee"]
[Date "2019.05.15"]
[Round "5"]
[White "Roth, Heinz Georg"]
[Black "Teichmeister, Sven"]
[Result "0-1"]
[WhiteElo "1822"]
[BlackElo "1956"]
[PlyCount "54"]
[EventDate "2019.05.11"]
[EventType "swiss"]
[EventRounds "9"]
[EventCountry "GER"]
[SourceTitle "EXT 2020"]
[Source "ChessBase"]
[SourceDate "2019.10.17"]
[SourceVersion "1"]
[SourceVersionDate "2019.10.17"]
[SourceQuality "1"]

1. e4 d6 2. d4 Nf6 3. Bd3 e5 4. c3 Be7 5. Nf3 Nbd7 6. Nbd2 0-0 7. 0-0 c6 8. Re1 Qc7 9. Nf1 Re8 10. Ng3 g6 11. Bh6 Ng4 12. Bd2 Bf8 13. h3 Ngf6 14. Qb3 Bg7 15. Rad1 Nf8 16. d5 N8d7 17. Be3 cxd5 18. exd5 e4 19. Ng5 exd3 20. c4 h6 21. N5e4 Nxe4 22. Nxe4 Rxe4 23. Qxd3 Nf6 24. Qd2 Kh7 25. g4 Bd7 26. g5 hxg5 27. Bxg5 Rae8 0-1

[Event "GER-ch Seniors 65"]
[Site "Hamburg"]
[Date "2018.07.29"]
[Round "9"]
[White "Roth, Heinz Georg"]
[Black "Abel, Hans Peter"]
[Result "1-0"]
[WhiteElo "1782"]
[BlackElo "1860"]
[PlyCount "107"]
[EventDate "2018.07.21"]
[EventType "swiss"]
[EventRounds "9"]
[EventCountry "GER"]
[SourceTitle "CBM 186 Extra"]
[Source "ChessBase"]
[SourceDate "2018.08.24"]
[SourceVersion "1"]
[SourceVersionDate "2018.08.24"]
[SourceQuality "1"]

1. e4 c5 2. c3 Nf6 3. e5 Nd5 4. Nf3 e6 5. d4 cxd4 6. cxd4 Bb4+ 7. Bd2 Bxd2+ 8. Qxd2 Nc6 9. Bc4 Nb6 10. Bb3 d6 11. exd6 Qxd6 12. Nc3 Qb4 13. 0-0 0-0 14. Bc2 Ne7 15. a3 Qa5 16. b4 Qh5 17. Ne4 Bd7 18. Nd6 Bc6 19. Rfe1 Ng6 20. Ne5 Bd5 21. Re3 Nxe5 22. dxe5 g6 23. Qe1 Qg5 24. Rg3 Qf4 25. Rd1 a6 26. f3 Nd7 27. Nxb7 Qxe5 28. Qxe5 Nxe5 29. Nc5 Nc4 30. f4 Rfc8 31. Bb3 a5 32. Nd7 Ra7 33. Nf6+ Kg7 34. Nxd5 exd5 35. Rxd5 axb4 36. axb4 Ra1+ 37. Kf2 Nb6 38. Rc5 Rd8 39. Rgc3 Na4 40. Bxa4 Rxa4 41. R5c4 Ra2+ 42. Rc2 Rd2+ 43. Rxd2 Rxd2+ 44. Kf3 Rb2 45. h4 h6 46. g4 g5 47. hxg5 hxg5 48. f5 Rb1 49. Ke4 Kf6 50. Kd5 Rd1+ 51. Kc6 Ke5 52. b5 Rd6+ 53. Kc7 Kd5 54. Rd4+ 1-0

[Event "GER-ch Seniors 65"]
[Site "Hamburg"]
[Date "2018.07.25"]
[Round "5"]
[White "Maahs, Erich"]
[Black "Roth, Heinz Georg"]
[Result "1-0"]
[WhiteElo "2047"]
[BlackElo "1782"]
[PlyCount "52"]
[EventDate "2018.07.21"]
[EventType "swiss"]
[EventRounds "9"]
[EventCountry "GER"]
[SourceTitle "CBM 186 Extra"]
[Source "ChessBase"]
[SourceDate "2018.08.24"]
[SourceVersion "1"]
[SourceVersionDate "2018.08.24"]
[SourceQuality "1"]

1. d4 Nf6 2. c4 d6 3. Nc3 Nbd7 4. e4 e5 5. Be3 Be7 6. h3 c6 7. Nf3 Qc7 8. Be2 Nf8 9. Qd2 Ng6 10. Nh2 Bd7 11. Ng4 Nh4 12. Kf1 h5 13. Nxf6+ gxf6 14. g3 Ng6 15. Rd1 f5 16. dxe5 dxe5 17. exf5 Bxf5 18. Bf3 Be6 19. b3 f5 20. Bg5 Rd8 21. Qc1 f4 22. Bxe7 Kxe7 23. Rxd8 Kxd8 24. Qc2 Qf7 25. Be4 Rg8 26. Ke2 Bc8 1-0

[Event "GER-ch Seniors 65"]
[Site "Hamburg"]
[Date "2018.07.24"]
[Round "4"]
[White "Roth, Heinz Georg"]
[Black "Zimmermann, Manfred"]
[Result "1-0"]
[WhiteElo "1782"]
[BlackElo "1957"]
[PlyCount "61"]
[EventDate "2018.07.21"]
[EventType "swiss"]
[EventRounds "9"]
[EventCountry "GER"]
[SourceTitle "CBM 186 Extra"]
[Source "ChessBase"]
[SourceDate "2018.08.24"]
[SourceVersion "1"]
[SourceVersionDate "2018.08.24"]
[SourceQuality "1"]

1. e4 c5 2. c3 e6 3. d4 d5 4. e5 a6 5. Nf3 Bd7 6. Bd3 cxd4 7. cxd4 Bb5 8. 0-0 Nc6 9. Nc3 Bxd3 10. Qxd3 Nge7 11. a3 Nf5 12. Ne2 Be7 13. g3 0-0 14. Kg2 h5 15. h3 g6 16. g4 Ng7 17. Bh6 h4 18. b4 Kh7 19. Qd2 Rh8 20. Bg5 Kg8 21. Rac1 Ne8 22. Bxe7 Qxe7 23. Rc5 f6 24. Rfc1 Kg7 25. g5 f5 26. a4 Na7 27. Nf4 Qd7 28. Rc7 Nxc7 29. Rxc7 Rad8 30. Rxd7+ Rxd7 31. Nxe6+ 1-0

[Event "GER-ch Seniors 65"]
[Site "Hamburg"]
[Date "2018.07.22"]
[Round "2"]
[White "Roth, Heinz Georg"]
[Black "Geissler, Karl Heinz"]
[Result "1/2-1/2"]
[WhiteElo "1782"]
[BlackElo "1574"]
[PlyCount "38"]
[EventDate "2018.07.21"]
[EventType "swiss"]
[EventRounds "9"]
[EventCountry "GER"]
[SourceTitle "CBM 186 Extra"]
[Source "ChessBase"]
[SourceDate "2018.08.24"]
[SourceVersion "1"]
[SourceVersionDate "2018.08.24"]
[SourceQuality "1"]

1. e4 e6 2. d4 d5 3. e5 Bd7 4. Nf3 c5 5. c3 Nc6 6. Bd3 Qb6 7. 0-0 cxd4 8. cxd4 Nb4 9. Be2 Rc8 10. Nc3 Ne7 11. a3 Nbc6 12. g4 Ng6 13. Kg2 Be7 14. Rb1 Na5 15. Bd2 Nc4 16. Qc2 Nxd2 17. Qxd2 0-0 18. g5 Qd8 19. Rh1 Nh4+ 1/2-1/2

[Event "Bad Woerishofen Seniors op 32nd"]
[Site "Bad Woerishofen"]
[Date "2016.03.04"]
[Round "8"]
[White "Roth, Heinz Georg"]
[Black "Engbrecht, Helmut"]
[Result "1-0"]
[WhiteElo "1823"]
[BlackElo "1980"]
[PlyCount "85"]
[EventDate "2016.02.26"]
[EventType "swiss"]
[EventRounds "9"]
[EventCountry "GER"]
[SourceTitle "EXT 2019"]
[Source "ChessBase"]
[SourceDate "2018.10.10"]
[SourceVersion "1"]
[SourceVersionDate "2018.10.10"]
[SourceQuality "1"]

1. e4 e5 2. Nf3 Nc6 3. Nc3 Bc5 4. Be2 d6 5. d3 Nge7 6. 0-0 0-0 7. Bg5 f6 8. Bd2 d5 9. exd5 Nxd5 10. Ne4 Bb6 11. Ng3 Be6 12. a3 a5 13. c3 a4 14. Qc2 Nde7 15. Rad1 Bb3 16. Qc1 Bxd1 17. Rxd1 Na5 18. Qc2 Nb3 19. d4 exd4 20. Bd3 g6 21. Bh6 Rf7 22. Nh4 Nc5 23. Bc4 d3 24. Bxf7+ Kxf7 25. Qc1 Qd5 26. Qf4 Rd8 27. Nf3 Ne6 28. Qxa4 g5 29. Qg4 Ng6 30. Ne4 Nef4 31. Nexg5+ fxg5 32. Bxg5 Re8 33. Bxf4 Re2 34. Bg3 Rxb2 35. Ng5+ Kg7 36. Ne6+ Kf6 37. Nf4 Qb3 38. Nh5+ Kf7 39. Qd7+ Ne7 40. Qxd3 Qxa3 41. Qf3+ Kg6 42. Qg4+ Kf7 43. Qg7+ 1-0

[Event "Bad Woerishofen Seniors op 32nd"]
[Site "Bad Woerishofen"]
[Date "2016.03.03"]
[Round "7"]
[White "Braun, Erhard"]
[Black "Roth, Heinz Georg"]
[Result "0-1"]
[WhiteElo "1932"]
[BlackElo "1823"]
[PlyCount "82"]
[EventDate "2016.02.26"]
[EventType "swiss"]
[EventRounds "9"]
[EventCountry "GER"]
[SourceTitle "EXT 2019"]
[Source "ChessBase"]
[SourceDate "2018.10.10"]
[SourceVersion "1"]
[SourceVersionDate "2018.10.10"]
[SourceQuality "1"]

1. e4 e5 2. Nf3 Nf6 3. Nc3 d6 4. b3 Be7 5. Bb2 0-0 6. h3 c6 7. d3 Nbd7 8. Be2 Qc7 9. 0-0 a6 10. Nh2 Re8 11. f4 exf4 12. Bf3 Ne5 13. Qd2 Bd7 14. Rae1 Rad8 15. Qxf4 d5 16. exd5 Bd6 17. Qd2 Nxf3+ 18. Nxf3 Nh5 19. Ne4 Bf4 20. Qc3 Qb6+ 21. d4 cxd5 22. Nc5 Bxh3 23. Ne5 Bf5 24. Rxf4 Nxf4 25. Qf3 g5 26. g3 Be4 27. Nxe4 Rxe5 28. gxf4 Rxe4 29. Rxe4 dxe4 30. Qg2 Qg6 31. fxg5 Rd5 32. Bc1 Rxd4 33. Qg4 f5 34. Qe2 Qd6 35. Kg2 Kf7 36. Qh5+ Qg6 37. Qe2 b5 38. Be3 Rd7 39. a4 bxa4 40. Qc4+ Qe6 41. Qxa4 f4 0-1

[Event "Bad Woerishofen Seniors op 32nd"]
[Site "Bad Woerishofen"]
[Date "2016.02.29"]
[Round "4"]
[White "Mueller, Dieter5555"]
[Black "Roth, Heinz Georg"]
[Result "0-1"]
[WhiteElo "1701"]
[BlackElo "1823"]
[PlyCount "96"]
[EventDate "2016.02.26"]
[EventType "swiss"]
[EventRounds "9"]
[EventCountry "GER"]
[SourceTitle "EXT 2019"]
[Source "ChessBase"]
[SourceDate "2018.10.10"]
[SourceVersion "1"]
[SourceVersionDate "2018.10.10"]
[SourceQuality "1"]

1. Nf3 Nf6 2. c4 d6 3. g3 e5 4. d3 Be7 5. Bg2 0-0 6. 0-0 c6 7. Nc3 Qc7 8. Bg5 Nbd7 9. b4 h6 10. Bd2 Nh7 11. a4 Ndf6 12. b5 Bd7 13. Na2 a6 14. Nc3 Rfe8 15. Qb3 Be6 16. Qb2 Rab8 17. Rfb1 Nh5 18. Qc1 N7f6 19. Ne1 d5 20. cxd5 cxd5 21. e4 d4 22. Nd5 Nxd5 23. exd5 Qxc1 24. Rxc1 Bf5 25. h3 Nf6 26. g4 Bd7 27. Be4 Rec8 28. Rxc8+ Rxc8 29. d6 Nxe4 30. dxe4 Bxd6 31. bxa6 bxa6 32. a5 Kf8 33. Rb1 Bb5 34. Kg2 Ke7 35. Bb4 Rc4 36. Nd3 f6 37. Bxd6+ Kxd6 38. Nb4 d3 39. Nxd3 Rxe4 40. Nb4 Kc5 41. Nxa6+ Bxa6 42. Rb6 Bd3 43. Rb3 Bc4 44. Rb7 Rxg4+ 45. hxg4 Bd5+ 46. Kg3 Bxb7 47. f4 exf4+ 48. Kxf4 g6 0-1

[Event "Bad Woerishofen Seniors op 32nd"]
[Site "Bad Woerishofen"]
[Date "2016.02.28"]
[Round "3"]
[White "Roth, Heinz Georg"]
[Black "Gerl, Hans Peter"]
[Result "0-1"]
[WhiteElo "1823"]
[BlackElo "1951"]
[PlyCount "120"]
[EventDate "2016.02.26"]
[EventType "swiss"]
[EventRounds "9"]
[EventCountry "GER"]
[SourceTitle "EXT 2019"]
[Source "ChessBase"]
[SourceDate "2018.10.10"]
[SourceVersion "1"]
[SourceVersionDate "2018.10.10"]
[SourceQuality "1"]

1. e4 c5 2. c3 Nf6 3. e5 Nd5 4. d4 cxd4 5. cxd4 e6 6. Nc3 Nxc3 7. bxc3 d6 8. f4 Qc7 9. Bd2 Nc6 10. Nf3 Bd7 11. Bd3 Be7 12. 0-0 h6 13. Qe2 d5 14. Rac1 Na5 15. Be1 Nc4 16. Nh4 g6 17. g4 g5 18. Ng2 gxf4 19. Bh4 Bg5 20. Rxf4 Bxf4 21. Nxf4 Bb5 22. Nh5 Kd7 23. Bf6 Rhg8 24. Bh4 Kc6 25. Nf6 Rh8 26. Rb1 Ba6 27. Rb4 b5 28. a4 Qa5 29. Ne4 dxe4 30. Bxe4+ Kd7 31. Qf3 Raf8 32. Bc6+ Kc7 33. Bxb5 Bxb5 34. Rxb5 Qa6 35. Qf6 Re8 36. Qxf7+ Kc8 37. Rc5+ Kb8 38. Be7 Rc8 39. Rb5+ Ka8 40. Bc5 Rhg8 41. h3 h5 42. Kh2 hxg4 43. hxg4 Rh8+ 44. Kg3 Rh1 45. Qd7 Rhh8 46. d5 Nxe5 47. Qe7 Rhe8 48. Qf6 Nd3 49. Bd4 Qd6+ 50. Kg2 Nf4+ 51. Kf1 Nxd5 52. Qg7 Re7 53. Qg6 Rf8+ 54. Ke1 Qg3+ 55. Kd1 Qf3+ 56. Kc2 Qe2+ 57. Kb3 Rc8 58. Qg5 Rec7 59. Rxd5 Qc4+ 60. Kb2 exd5 0-1

[Event "Bodensee op Seniors"]
[Site "Bregenz"]
[Date "2015.05.09"]
[Round "1"]
[White "Roth, Heinz Georg"]
[Black "Lainburg, Viktor"]
[Result "0-1"]
[WhiteElo "1840"]
[BlackElo "2164"]
[PlyCount "88"]
[EventDate "2015.05.09"]
[EventType "swiss"]
[EventRounds "9"]
[EventCountry "AUT"]
[SourceTitle "CBM 166 Extra"]
[Source "ChessBase"]
[SourceDate "2015.06.18"]
[SourceVersion "1"]
[SourceVersionDate "2015.06.18"]
[SourceQuality "1"]

1. e4 Nf6 2. d3 e5 3. f4 d6 4. Nf3 Nc6 5. Be2 Be7 6. 0-0 0-0 7. c3 Bg4 8. h3 Bxf3 9. Bxf3 d5 10. Qe2 Re8 11. f5 dxe4 12. dxe4 Bc5+ 13. Kh1 h6 14. b4 Bf8 15. Be3 Qc8 16. Nd2 a5 17. a3 b6 18. g4 axb4 19. axb4 Qb7 20. Qg2 Rxa1 21. Rxa1 Nh7 22. h4 Rd8 23. Be2 Ra8 24. Rf1 Ra3 25. Nb1 Ra2 26. Qf3 Be7 27. Bc4 Ra1 28. g5 hxg5 29. hxg5 Bxg5 30. Qh5 Nd8 31. Bd5 Qa6 32. b5 Qxb5 33. c4 Qb3 34. Bxg5 Rxb1 35. Rxb1 Qxb1+ 36. Kg2 Qa2+ 37. Kg3 Qa3+ 38. Kh4 Nxg5 39. Qxg5 Qd6 40. Ba8 Qh6+ 41. Kg4 Qxg5+ 42. Kxg5 Kf8 43. f6 g6 44. Kh6 c6 0-1

[Event "Schleswig Holstein-ch Vormeister"]
[Site "Buesum"]
[Date "2010.03.31"]
[Round "7.8"]
[White "Roth, Heinz Georg"]
[Black "Jendrian, Michael"]
[Result "0-1"]
[WhiteElo "1896"]
[BlackElo "2036"]
[PlyCount "60"]
[EventDate "2010.03.27"]
[EventType "swiss"]
[EventRounds "9"]
[EventCountry "GER"]
[SourceTitle "EXT 2022"]
[Source "ChessBase"]
[SourceDate "2021.10.06"]
[SourceVersion "1"]
[SourceVersionDate "2021.10.06"]
[SourceQuality "1"]

1. e4 c5 2. c3 d5 3. exd5 Qxd5 4. d4 Nf6 5. Nf3 Bg4 6. Be2 e6 7. 0-0 Nc6 8. dxc5 Bxc5 9. b4 Bb6 10. Ba3 0-0-0 11. Nbd2 Qf5 12. Re1 Ne4 13. Nd4 Nxd4 14. cxd4 Nxf2 15. Bxg4 Nxd1 16. Bxf5 Bxd4+ 17. Kf1 Bxa1 18. Rxd1 exf5 19. Rc1+ Kb8 20. Nc4 Rc8 21. b5 Bd4 22. Bd6+ Ka8 23. h4 h5 24. Ke2 f6 25. Bf4 Be5 26. Be3 b6 27. a4 Rhe8 28. Kf3 Rc7 29. Bxb6 Rxc4 30. Rxc4 axb6 0-1

[Event "Schleswig Holstein-ch Vormeister"]
[Site "Buesum"]
[Date "2010.03.30"]
[Round "5.8"]
[White "Kracht, Helmut"]
[Black "Roth, Heinz Georg"]
[Result "1-0"]
[WhiteElo "1963"]
[BlackElo "1896"]
[PlyCount "62"]
[EventDate "2010.03.27"]
[EventType "swiss"]
[EventRounds "9"]
[EventCountry "GER"]
[SourceTitle "EXT 2022"]
[Source "ChessBase"]
[SourceDate "2021.10.06"]
[SourceVersion "1"]
[SourceVersionDate "2021.10.06"]
[SourceQuality "1"]

1. e4 d5 2. exd5 Qxd5 3. Nc3 Qa5 4. d4 e5 5. dxe5 Bb4 6. Bd2 Nc6 7. a3 Nd4 8. Nb5 Bxd2+ 9. Qxd2 Nxc2+ 10. Kd1 Bg4+ 11. f3 Rd8 12. Nd6+ Rxd6 13. exd6 Qxd2+ 14. Kxd2 Nxa1 15. dxc7 Bd7 16. Kc3 Ne7 17. Bc4 b5 18. Ba2 Bf5 19. Nh3 Nc2 20. g4 Bg6 21. Nf4 Nxa3 22. Nxg6 hxg6 23. Rd1 0-0 24. bxa3 a5 25. Rd7 Nc8 26. Kd4 Nb6 27. Rd8 b4 28. axb4 axb4 29. Kc5 Nc8 30. Kc6 Ne7+ 31. Kd7 Nd5 1-0

[Event "Schleswig Holstein-ch Vormeister"]
[Site "Buesum"]
[Date "2010.03.29"]
[Round "4.8"]
[White "Roth, Heinz Georg"]
[Black "Wirries, Frank Michael"]
[Result "0-1"]
[WhiteElo "1896"]
[BlackElo "1865"]
[PlyCount "82"]
[EventDate "2010.03.27"]
[EventType "swiss"]
[EventRounds "9"]
[EventCountry "GER"]
[SourceTitle "EXT 2022"]
[Source "ChessBase"]
[SourceDate "2021.10.06"]
[SourceVersion "1"]
[SourceVersionDate "2021.10.06"]
[SourceQuality "1"]

1. e4 c5 2. c3 b6 3. d4 Bb7 4. e5 e6 5. Nf3 Nc6 6. Bd3 d6 7. 0-0 Rc8 8. Qe2 Nge7 9. Rd1 d5 10. dxc5 bxc5 11. Ng5 Ng6 12. f4 Be7 13. Nf3 Qc7 14. c4 Nd4 15. Nxd4 cxd4 16. Nd2 Nxf4 17. Qf1 Nxd3 18. Qxd3 dxc4 19. Qg3 0-0 20. b3 cxb3 21. Nxb3 Rfd8 22. Bh6 Bf8 23. Nxd4 Rd5 24. Rab1 Qe7 25. Be3 Rc4 26. Qf2 Qc5 27. Qf3 Rc3 28. Kf2 h6 29. Rd2 Rxe3 30. Qxe3 Rxd4 31. Ke1 Rxd2 32. Qxd2 Qe7 33. Qb2 Be4 34. Rd1 Qb4+ 35. Kf1 a5 36. Qd4 Qb7 37. Qf2 Qb5+ 38. Qe2 Bxg2+ 39. Kf2 Bc5+ 40. Ke1 Qb4+ 41. Rd2 Bd5 0-1

[Event "Schleswig Holstein-ch VM 63rd"]
[Site "Gross Groenau"]
[Date "2008.03.16"]
[Round "2"]
[White "Roth, Heinz Georg"]
[Black "Krumbke, Lars"]
[Result "0-1"]
[WhiteElo "1920"]
[BlackElo "2016"]
[PlyCount "50"]
[EventDate "2008.03.15"]
[EventType "swiss"]
[EventRounds "9"]
[EventCountry "GER"]
[SourceTitle "EXT 2010"]
[Source "ChessBase"]
[SourceDate "2010.11.25"]
[SourceVersion "1"]
[SourceVersionDate "2010.11.25"]
[SourceQuality "1"]

1. e4 c5 2. Nf3 Nf6 3. e5 Nd5 4. c3 Nc6 5. d4 cxd4 6. cxd4 e6 7. Nc3 Nxc3 8. bxc3 d6 9. exd6 Bxd6 10. Bd3 h6 11. 0-0 0-0 12. Qe2 Bd7 13. Qe4 f5 14. Qe2 Qc7 15. Bb2 Rae8 16. Rad1 e5 17. dxe5 Nxe5 18. Nxe5 Bxe5 19. Qd2 Bxh2+ 20. Kh1 Bf4 21. Qc2 Kh8 22. Be2 Bc6 23. Bh5 Qe7 24. Rd3 Qh4+ 25. Rh3 Qxh3+ 0-1

[Event "Schleswig Holstein-ch VM 62nd"]
[Site "Itzehoe"]
[Date "2007.03.31"]
[Round "1"]
[White "Roth, Heinz Georg"]
[Black "Haenjes, Frank"]
[Result "0-1"]
[WhiteElo "1899"]
[BlackElo "2060"]
[PlyCount "34"]
[EventDate "2007.03.31"]
[EventType "swiss"]
[EventRounds "9"]
[EventCountry "GER"]
[SourceTitle "EXT 2010"]
[Source "ChessBase"]
[SourceDate "2010.11.25"]
[SourceVersion "1"]
[SourceVersionDate "2010.11.25"]
[SourceQuality "1"]

1. e4 c5 2. c3 Qa5 3. Nf3 Nc6 4. Bc4 d6 5. 0-0 Nf6 6. Ng5 e6 7. Re1 Be7 8. d4 cxd4 9. cxd4 Nxd4 10. Nc3 b5 11. Bf1 b4 12. Qxd4 bxc3 13. bxc3 0-0 14. e5 dxe5 15. Rxe5 Qc7 16. Bd3 Rd8 17. Bxh7+ Nxh7 0-1

[Event "Schleswig Holstein-ch cand 60th"]
[Site "Germany"]
[Date "2005.10.12"]
[Round "3"]
[White "Buecker, Timo"]
[Black "Roth, Heinz Georg"]
[Result "0-1"]
[WhiteElo "1762"]
[BlackElo "1830"]
[PlyCount "58"]
[EventDate "2005.10.10"]
[EventType "swiss"]
[EventRounds "9"]
[EventCountry "GER"]
[SourceTitle "EXT 2010"]
[Source "ChessBase"]
[SourceDate "2010.11.25"]
[SourceVersion "1"]
[SourceVersionDate "2010.11.25"]
[SourceQuality "1"]

1. d4 f5 2. h3 Nf6 3. g4 e6 4. gxf5 Bd6 5. Nc3 exf5 6. Bg5 Be7 7. Bg2 c6 8. Bxf6 Bxf6 9. e4 fxe4 10. Bxe4 Qe7 11. Qg4 Na6 12. 0-0-0 d5 13. Bf5 h5 14. Bg6+ Kd8 15. Qe2 Rh6 16. Qxe7+ Kxe7 17. Re1+ Kd6 18. Bf7 Bg5+ 19. Kd1 Bf5 20. Nf3 Be7 21. Re5 Rf6 22. Bxh5 g6 23. Nh4 Bxc2+ 24. Kxc2 Rxf2+ 25. Kb3 Bxh4 26. Bxg6 Rg8 27. Bd3 Bf6 28. Rh5 Bxd4 29. Re1 Nc5+ 0-1

[Event "Schleswig Holstein-ch cand 60th"]
[Site "Germany"]
[Date "2005.10.10"]
[Round "1"]
[White "Pachurka, Roland"]
[Black "Roth, Heinz Georg"]
[Result "0-1"]
[WhiteElo "1527"]
[BlackElo "1830"]
[PlyCount "58"]
[EventDate "2005.10.10"]
[EventType "swiss"]
[EventRounds "9"]
[EventCountry "GER"]
[SourceTitle "EXT 2010"]
[Source "ChessBase"]
[SourceDate "2010.11.25"]
[SourceVersion "1"]
[SourceVersionDate "2010.11.25"]
[SourceQuality "1"]

1. b4 e5 2. Bb2 d6 3. e3 Nf6 4. Nf3 e4 5. Nd4 c5 6. bxc5 dxc5 7. Bb5+ Nbd7 8. Nb3 a6 9. Bxd7+ Bxd7 10. Bxf6 Qxf6 11. Nc3 Qg6 12. Kf1 Bd6 13. Nd5 Bg4 14. Qe1 0-0 15. h3 Be6 16. Nf4 Bxf4 17. exf4 Bc4+ 18. Kg1 b6 19. g4 Qf6 20. Qe3 Bxb3 21. axb3 Qxa1+ 22. Kg2 Qd4 23. Qg3 Qxd2 24. h4 Rfe8 25. h5 e3 26. Rf1 e2 27. h6 exf1Q+ 28. Kxf1 Re1+ 29. Kg2 Qd5+ 0-1

[Event "Schleswig Holstein-ch cand-A 56th"]
[Site "Eckernfoerde"]
[Date "2001.04.??"]
[Round "1"]
[White "Krooss, Dietmar"]
[Black "Roth, Heinz Georg"]
[Result "0-1"]
[WhiteElo "1799"]
[BlackElo "1889"]
[PlyCount "68"]
[EventDate "2001.04.??"]
[EventType "swiss"]
[EventRounds "9"]
[EventCountry "GER"]
[SourceTitle "EXT 2004"]
[Source "ChessBase"]
[SourceDate "2003.11.25"]
[SourceVersion "1"]
[SourceVersionDate "2003.11.25"]
[SourceQuality "1"]

1. b4 e5 2. Bb2 d6 3. e3 c6 4. c4 f5 5. Nf3 Nf6 6. Be2 Be7 7. d4 e4 8. Nfd2 Nbd7 9. Nc3 Nf8 10. f3 exf3 11. Bxf3 Ng6 12. 0-0 0-0 13. Qc2 d5 14. b5 Be6 15. a4 Qc7 16. bxc6 bxc6 17. c5 Ng4 18. Bxg4 fxg4 19. Ne2 Bg5 20. e4 Be3+ 21. Kh1 Qe7 22. Ng3 Bf4 23. Qd3 Qh4 24. e5 Bc8 25. Ra3 a5 26. Rf2 Rf7 27. Qe2 Ba6 28. Qe1 Raf8 29. Kg1 Qg5 30. e6 Rf6 31. Bc1 Bxg3 32. Rxg3 Rxf2 33. Nf3 R2xf3 34. Rxf3 gxf3 0-1